Catalog

Record Details

Catalog Search



Better together / adapted by Natasha Bouchard ; ... Read More

Bouchard, Natasha,(author,, adapter.).
Disney Storybook Artists,(illustrator.).

Available copies

  • 0 of 1 copy available at LARL/NWRL Consortium.

Current holds

0 current holds with 1 total copy.

Show Only Available Copies
Location Call Number / Copy Notes Barcode Shelving Location Status Due Date
Hallock Public Library e BOU (Text) 35500006929457 New Checked out 07/18/2026

Record details

  • ISBN: 9780736490597
  • ISBN: 0736490590
  • ISBN: 9780736445696
  • ISBN: 0736445692
  • Physical Description: 22 pages : color illustrations ; 24 cm.
  • Publisher: New York, NY : Random House Books for Young Readers, [2025]

Content descriptions

Summary, etc.:
"... Detectives Judy Hopps and Nick Wilde find ... Read More
Target Audience Note:
Age 4-6 Random House Books
Grade P-1 Random House Books
Subject: Rabbits > Juvenile fiction.
Foxes > Juvenile fiction.
Animals > Juvenile fiction.
Police > Juvenile fiction.
Cooperativeness > Juvenile fiction.
Rabbits > Fiction.
Foxes > Fiction.
Animals > Fiction.
Police > Fiction.
Cooperativeness > Fiction.
JUVENILE FICTION / Media Tie-In.
JUVENILE FICTION / Animals.
JUVENILE FICTION / Humorous Stories.
Genre: Adaptations.
Picture books.
Animal fiction.
Readers (Publications)
LDR 03933cam a2200913 i 4500
001484326
003LARL_NWRL_CONSORTIUM
00520260407134932.0
008251001t20252025nyua b 000 1 eng d
040 . ‡aIG# ‡beng ‡erda ‡cIG# ‡dOCLCO ‡dSDD ‡dJCX ‡dOCLCO ‡dNYP ‡dOCLCO ‡dUAH ‡dOCLCO ‡dUAP ‡dMLSOD ‡dOCO ‡dILC ‡dOCLCO ‡dZ#6 ‡dMACKN ‡dRB0 ‡dOCLCO ‡dJBI
020 . ‡a9780736490597 ‡q(library binding)
020 . ‡a0736490590 ‡q(library binding)
020 . ‡a9780736445696 ‡q(paperback)
020 . ‡a0736445692 ‡q(paperback)
020 . ‡z9780736445702 ‡q(ebk.)
035 . ‡a(OCoLC)1542862259
08204. ‡a[E] ‡223/eng/20251001
1001 . ‡aBouchard, Natasha, ‡eauthor, ‡eadapter. ‡1https://id.oclc.org/worldcat/entity/E39PCjxMF8GW7QVq3BP9vCRjbq
24510. ‡aBetter together / ‡cadapted by Natasha Bouchard ; illustrated by the Disney Storybook Art Team.
2461 . ‡iAt head of title: ‡aDisney Zootopia 2
2463 . ‡aZootopia 2. ‡pBetter together
2463 . ‡aZootopia two
264 1. ‡aNew York, NY : ‡bRandom House Books for Young Readers, ‡c[2025]
264 4. ‡c©2025
300 . ‡a22 pages : ‡bcolor illustrations ; ‡c24 cm.
336 . ‡atext ‡btxt ‡2rdacontent
336 . ‡astill image ‡bsti ‡2rdacontent
337 . ‡aunmediated ‡bn ‡2rdamedia
338 . ‡avolume ‡bnc ‡2rdacarrier
4900 . ‡aZootopia 2
4900 . ‡aStep into reading. Step 2
520 . ‡a"... Detectives Judy Hopps and Nick Wilde find themselves on the twisting trail of a mysterious reptile who arrives in Zootopia and turns the mammal metropolis upside down. To crack the case, Judy and Nick must go undercover to unexpected new parts of town, where their growing partnership is tested like never before..."-- ‡cProvided by publisher.
5211 . ‡aAge 4-6 ‡bRandom House Books
5212 . ‡aGrade P-1 ‡bRandom House Books
650 0. ‡aRabbits ‡vJuvenile fiction. ‡0(LARL_NWRL_CONSORTIUM)166996
650 0. ‡aFoxes ‡vJuvenile fiction. ‡0(LARL_NWRL_CONSORTIUM)169361
650 0. ‡aAnimals ‡vJuvenile fiction. ‡0(LARL_NWRL_CONSORTIUM)162061
650 0. ‡aPolice ‡vJuvenile fiction.
650 0. ‡aCooperativeness ‡vJuvenile fiction.
650 1. ‡aRabbits ‡vFiction.
650 1. ‡aFoxes ‡vFiction.
650 1. ‡aAnimals ‡vFiction. ‡0(LARL_NWRL_CONSORTIUM)162060
650 1. ‡aPolice ‡vFiction. ‡0(LARL_NWRL_CONSORTIUM)166800
650 1. ‡aCooperativeness ‡vFiction.
650 7. ‡aJUVENILE FICTION / Media Tie-In. ‡2bisacsh
650 7. ‡aJUVENILE FICTION / Animals. ‡2bisacsh
650 7. ‡aJUVENILE FICTION / Humorous Stories. ‡2bisacsh
655 7. ‡aAdaptations. ‡2lcgft
655 7. ‡aPicture books. ‡2lcgft
655 7. ‡aAnimal fiction. ‡2lcgft
655 7. ‡aReaders (Publications) ‡2lcgft
7102 . ‡aDisney Storybook Artists, ‡eillustrator. ‡0(LARL_NWRL_CONSORTIUM)134416
901 . ‡a484326 ‡bAUTOGEN ‡c484326 ‡tbiblio

Additional Resources